000 01515cam a22001694a 4500
005 20250605164400.0
008 250528s ||||||||||||||||||||||||d
035 _a24546
040 _aGR-AtMCL
_bgre
_dGR-AtMCL
_eAACR2
245 1 _aΣχεδιασμός Μεταφορικών Συστημάτων / Μεταφορές Ι
260 _aΑθήνα
_bΣυμμετρία,
_c2000
520 _aΕισαγωγή, Μεταφορές και Οικολογικό Περιβάλλον, Γένεση των Μετακινήσεων, Παράμετροι Ανάπτυξης, Αλληλεπιδράσεις Μεταφορών και Παραμέτρων Ανάπτυξης, Χαρακτηριστικά Ατόμων και Αγαθών, Στάθμη Μεταφορικής Εξυπηρέτησης, Χαρακτηριστικοί Συντελεστές Διαδρομής, Χρόνος και Ταχύτητα, Κόστος, Μεταφορική Ικανότητα ή Χωρητικότητα και Συντελεστής Πληρότητας, Συγκοινωνιακοί Κόμβοι και Τερματικές Μετακινήσεις, Η Έννοια του Κόστους στις Μεταφορές, Μαθηματική Προσομοίωση των Μεταφορών, Πρόβλεψη Εξέλιξης Ζήτησης Μεταφορικής Εξυπηρέτησης, Επιλογή Βιβλιογραφίας.
700 1 _aΑμπακουμκίν Κ. Γ
_99466
942 _cBK
999 _c9423
_d9423